| 000 | 00679nam a22002297a 4500 | ||
|---|---|---|---|
| 999 |
_c4109 _d4109 |
||
| 003 | AR-CdUCM | ||
| 008 | 190307b ||||| |||| 00| 0 spa d | ||
| 020 | _a9978400370 | ||
| 040 |
_aMUNICIPALIDAD PROVINCIAL DEL CUSCO _cBIBLIOTECA MUNICIPAL DEL CUSCO |
||
| 082 |
_a170 / _bP44 |
||
| 100 |
_aPérez Guerrero, Alfredo _913027 |
||
| 245 | _aMoral individual / | ||
| 260 |
_aQuito : _bLlanganate, _c1997. |
||
| 300 |
_a233 páginas ; _c20.5 cm. |
||
| 505 | _aContenido: La moral y el hombre ... | ||
| 650 |
_aÉtica _91337 |
||
| 650 |
_aMoral individual _913028 |
||
| 650 |
_aValores _95705 |
||
| 650 |
_aLecturas - Valores _913029 |
||
| 942 |
_2ddc _cLIBROS |
||
| 945 | _alccs | ||